Vplyv koronakrízy na finančné zdroje neziskových účtovných jednotiek diplomová práca

Saved in:
Bibliographic Details
Main Author: Pernecká, Karen
Corporate Author: Fakulta hospodárskej informatiky EU. Katedra účtovníctva a audítorstva
Other Authors: Kordošová, Alena, 1970-
Format: Book
Language:Slovak
Published: Bratislava 2023
Tags: Add Tag
No Tags, Be the first to tag this record!

MARC

LEADER 00000nbm a2200000 4500
001 0294131
005 20240411093127.4
041 0 |a slo 
044 |a SK 
245 1 0 |a Vplyv koronakrízy na finančné zdroje neziskových účtovných jednotiek  |b diplomová práca  |c Karen Pernecká ; školiteľ: Alena Kordošová 
264 1 |a Bratislava  |c 2023 
300 |a 74 s. 
100 1 |a Pernecká, Karen 
700 1 |a Kordošová, Alena, 1970- 
710 2 |a Fakulta hospodárskej informatiky EU. Katedra účtovníctva a audítorstva